| 000 | 00752nam a2200205 4500 | ||
|---|---|---|---|
| 001 | 83447 | ||
| 003 | BD-RjUL | ||
| 005 | 20240321151954.0 | ||
| 008 | 230410s1966 pk ||||| |||| 00| 0 urd d | ||
| 035 | _a(BD-RjUL)83447 | ||
| 040 |
_aBD-RjUL _beng _cBD-RjUL |
||
| 041 | _aurd | ||
| 082 |
_223 _a891.43909 _bKAU 1964 |
||
| 100 |
_aکاکوروی٫ غلام احمد فرقت ;; Kakurvi, Ghulam Ahmad Farqat _97301 |
||
| 245 | 1 | 0 |
_aاردو ادب میں طنز و مزاح ;; urdu Adab min tanaj wa mijah / _cغلام احمد فرقت کاکوروی ;;Ghulam Ahmad Farqat Kakurvi |
| 260 |
_aLakhnuw : _bMatbah Sarfaraj press , _c1964 |
||
| 300 |
_aV. ; ; _c18 c m |
||
| 650 |
_aUrdu Literature _vHistory history & Criticism _97302 |
||
| 942 |
_2ddc _cBK |
||
| 999 |
_c83447 _d83447 |
||